Statistiques concernant Quiz des pays: Suisse

Cliquez ici pour prendre le quiz!

Statistiques générales

  • Ce quiz a été pris 1 367 fois
  • Le résultat moyen est 18 sur 27

Statistiques - réponses

IndiceRéponse% Correct
Langues principalesFrançais
99%
Allemand
98%
Principaux pays d'origine des étrangers vivants en SuisseItalie
98%
Capitale administrativeBerne
95%
Nombre de pays frontaliers5
93%
Italien
93%
Ville la plus peupléeZurich
93%
Capitale diplomatiqueGenêve
89%
Tennisman n°1 mondial à 5 reprisesRoger Federer
88%
MonnaieFranc suisse
84%
Romanche
79%
Spécialité gastronomique à base de fromage fonduRaclette
78%
Nombre de cantons26
77%
Allemagne
77%
Religion majoritaireCatholicisme
72%
Archer célèbreGuillaume Tell
72%
Fleuve coulant à BâleRhin
71%
Nom officiel de la SuisseConfédération Helvétique
66%
Portugal
54%
Célèbre réformateur religieuxJean Calvin / Ulrich Zwingli
51%
Canton le plus vaste (7 105,44 km²)Grisons
50%
Canton d'où vient le nom "Suisse"Schwytz
43%
Déjeuner en paixStephan Eicher
32%
Serbie-Montenegro
31%
Point le plus élevé (4 634 m)Pointe Dufour
30%
Turquie
26%
Entité politique dont les cantons déclarent leur indépendanceSaint-Empire Romain Germanique
6%

Distribution des résultats

Percentile par nombre de réponses

% des personnes avec chaque résultat

Votre développement - résultats

Vous n’avez pas pris ce quiz